Computer modelling of the quasi-crystalloid biopolymer structure II.
During our previous investigations (1995) on the structure and symmetry of the biopolymer system of the partially degraded plant cell wall we have recognized that a part of the problems can be resolved exclusively by computer modelling. Another research program was projected in our laboratory, based...
Elmentve itt :
| Szerzők: | |
|---|---|
| Dokumentumtípus: | Cikk |
| Megjelent: |
1996
|
| Sorozat: | Plant cell biology and development
7 |
| Kulcsszavak: | Palinológia, Sejtbiológia - molekuláris, Biopolimer szerkezetek - sejtbiológia - növényi |
| Tárgyszavak: | |
| Online Access: | http://acta.bibl.u-szeged.hu/47823 |
| LEADER | 01494nab a2200229 i 4500 | ||
|---|---|---|---|
| 001 | acta47823 | ||
| 005 | 20260120102835.0 | ||
| 008 | 170711s1996 hu o 000 eng d | ||
| 022 | |a 0866-5443 | ||
| 040 | |a SZTE Egyetemi Kiadványok Repozitórium |b hun | ||
| 041 | |a eng | ||
| 100 | 1 | |a Kedves Miklós | |
| 245 | 1 | 0 | |a Computer modelling of the quasi-crystalloid biopolymer structure II. |h [elektronikus dokumentum] / |c Kedves Miklós |
| 260 | |c 1996 | ||
| 300 | |a 82-88 | ||
| 490 | 0 | |a Plant cell biology and development |v 7 | |
| 520 | 3 | |a During our previous investigations (1995) on the structure and symmetry of the biopolymer system of the partially degraded plant cell wall we have recognized that a part of the problems can be resolved exclusively by computer modelling. Another research program was projected in our laboratory, based on two opposite statepoints as follows. 1. The computer modelling of the biopolymer structures based on TEM observations. 2. Presumed or hypothetical structures which, till this time have not been observed on biological objects. This contribution presents the first computer modelling of a "nonsense" spherical calotte composed of regular pentagon units. | |
| 650 | 4 | |a Természettudományok | |
| 650 | 4 | |a Biológiai tudományok | |
| 695 | |a Palinológia, Sejtbiológia - molekuláris, Biopolimer szerkezetek - sejtbiológia - növényi | ||
| 700 | 0 | 1 | |a Kedves Loránd |e aut |
| 856 | 4 | 0 | |u http://acta.bibl.u-szeged.hu/47823/1/plant_cell_007_082-088.pdf |z Dokumentum-elérés |